[Event "Aimchess Rapid Div 2 L"]
[Site "chess.com INT"]
[Date "2023.07.11"]
[Round "1.1"]
[White "Kovalenko, Igor"]
[Black "Kevlishvili, Robby"]
[Result "0-1"]
[WhiteTitle "GM"]
[BlackTitle "GM"]
[WhiteElo "2674"]
[BlackElo "2529"]
[WhiteFideId "14117908"]
[BlackFideId "1040634"]
[EventDate "2023.07.11"]
[EventType "k.o."]

1. d4 d5 2. Bf4 Nf6 3. e3 c5 4. c3 Nc6 5. Nd2 cxd4 6. cxd4 Bf5 7. Rc1 a6 8. Ngf3
e6 9. Be2 Be7 10. O-O O-O 11. a3 h6 12. h3 Rc8 13. b4 Bd6 14. Bxd6 Qxd6 15. Nb3
Rc7 16. Nc5 a5 17. b5 Nb8 18. Qa4 b6 19. Na6 Nxa6 20. bxa6 Ne4 21. Qb3 Rfc8 22.
Rxc7 Qxc7 23. Re1 Nd6 24. a4 Bc2 25. Qa2 Be4 26. Ne5 f6 27. Nd3 Nc4 28. Nf4 g5
29. Nh5 Kf7 30. Rc1 Qa7 31. Ng3 Bg6 32. Rxc4 dxc4 33. Bxc4 Kg7 34. e4 h5 35. Qe2
h4 36. Nf1 Qd7 37. d5 Qxa4 38. a7 Qd7 39. dxe6 Qxa7 40. Bd5 Qc7 41. g3 Qe5 42.
Kg2 Rd8 43. Qc4 Rxd5 44. exd5 Qe4+ 45. Qxe4 Bxe4+ 46. f3 Bxd5 47. gxh4 gxh4 48.
e7 Kf7 49. Ne3 Be6 50. f4 a4 51. f5 Bb3 0-1

[Event "Aimchess Rapid Div 2 L"]
[Site "chess.com INT"]
[Date "2023.07.11"]
[Round "1.1"]
[White "Maghsoodloo, Parham"]
[Black "Flores, Diego"]
[Result "0-1"]
[WhiteTitle "GM"]
[BlackTitle "GM"]
[WhiteElo "2719"]
[BlackElo "2533"]
[WhiteFideId "12539929"]
[BlackFideId "108049"]
[EventDate "2023.07.11"]
[EventType "k.o."]

1. g3 g6 2. Bg2 Bg7 3. e4 c5 4. Ne2 Nc6 5. c3 e5 6. a3 Nge7 7. b4 d6 8. h4 h6 9.
d3 O-O 10. b5 Na5 11. c4 f5 12. Nbc3 f4 13. gxf4 exf4 14. Bf3 g5 15. hxg5 hxg5
16. Rg1 Ng6 17. Qc2 Ne5 18. Bh1 f3 19. Ng3 g4 20. Bb2 Qg5 21. Nd5 Nxd3+ 22. Qxd3
Bxb2 23. Rd1 Be6 24. Nf5 Bxf5 25. exf5 Rae8+ 26. Kf1 Qxf5 27. Bxf3 Qxf3 28. Qg6+
Bg7 0-1

[Event "Aimchess Rapid Div 2 L"]
[Site "chess.com INT"]
[Date "2023.07.11"]
[Round "1.1"]
[White "Saric, Ivan"]
[Black "Sarana, Alexey"]
[Result "1-0"]
[WhiteTitle "GM"]
[BlackTitle "GM"]
[WhiteElo "2657"]
[BlackElo "2685"]
[WhiteFideId "14508150"]
[BlackFideId "24133795"]
[EventDate "2023.07.11"]
[EventType "k.o."]

1. e4 c5 2. Nf3 d6 3. d4 Nf6 4. Nc3 cxd4 5. Nxd4 a6 6. Be3 e5 7. Nb3 Be6 8. f3
Nbd7 9. g4 Nb6 10. g5 Nh5 11. Qd2 Be7 12. O-O-O Qc7 13. Kb1 O-O 14. f4 Nxf4 15.
Bxf4 exf4 16. Qxf4 Rac8 17. Nd4 Qc5 18. Nf5 d5 19. Nxe7+ Qxe7 20. exd5 Nxd5 21.
Nxd5 Bxd5 22. Rg1 Be4 23. Bd3 Bxd3 24. cxd3 Rfd8 25. d4 Rd5 26. h4 g6 27. Rge1
Qd7 28. a3 Rd8 29. Re4 Qd6 30. Qe3 Kg7 31. Rf4 Rd7 32. Qf3 b5 33. Rf1 Qc7 34. h5
Rxg5 35. h6+ Kxh6 36. Rh4+ Kg7 37. Qf6+ Kg8 38. Qxg5 Rxd4 39. Rxd4 1-0

[Event "Aimchess Rapid Div 2 L"]
[Site "chess.com INT"]
[Date "2023.07.11"]
[Round "1.1"]
[White "Ter-Sahakyan, Samvel"]
[Black "Dreev, Aleksey"]
[Result "1-0"]
[WhiteTitle "GM"]
[BlackTitle "GM"]
[WhiteElo "2604"]
[BlackElo "2606"]
[WhiteFideId "13302531"]
[BlackFideId "4100107"]
[EventDate "2023.07.11"]
[EventType "k.o."]

1. e4 c6 2. d4 d5 3. exd5 cxd5 4. Bd3 Nc6 5. c3 Nf6 6. h3 g6 7. Nf3 Bf5 8. Be2
Bg7 9. Bf4 O-O 10. O-O Ne4 11. Nbd2 a6 12. a4 h6 13. Re1 Qd7 14. Bf1 Rad8 15. a5
g5 16. Bh2 Bg6 17. Nb3 f6 18. Nfd2 Nxd2 19. Qxd2 e5 20. Nc5 Qf7 21. b4 e4 22. b5
axb5 23. Bxb5 Nxa5 24. Rxa5 b6 25. Ra6 bxc5 26. dxc5 Kh7 27. Bd6 f5 28. Bc6 Qf6
29. Bxd5 Rfe8 30. Ra7 Kh8 31. Bc6 Re6 32. Bd7 f4 33. Bxe6 Qxe6 34. Rxg7 Kxg7 35.
Be5+ Qxe5 36. Qxd8 Qxc3 37. Qe7+ Bf7 38. Rxe4 Kg6 39. Qd6+ 1-0

[Event "Aimchess Rapid Div 2 L"]
[Site "chess.com INT"]
[Date "2023.07.11"]
[Round "1.2"]
[White "Dreev, Aleksey"]
[Black "Ter-Sahakyan, Samvel"]
[Result "1/2-1/2"]
[WhiteTitle "GM"]
[BlackTitle "GM"]
[WhiteElo "2606"]
[BlackElo "2604"]
[WhiteFideId "4100107"]
[BlackFideId "13302531"]
[EventDate "2023.07.11"]
[EventType "k.o."]

1. d4 Nf6 2. c4 e6 3. Nc3 d5 4. cxd5 exd5 5. Bg5 c6 6. e3 Be7 7. Bd3 h6 8. Bh4
O-O 9. Qc2 a5 10. Nge2 Na6 11. a3 Nc7 12. O-O Nh5 13. Bxe7 Qxe7 14. Rae1 Bd7 15.
Nc1 Ne6 16. f3 Nf6 17. Qf2 c5 18. Bb1 cxd4 19. exd4 Qd6 20. Nd3 Qb6 21. Ne5 Qxd4
22. Qxd4 Nxd4 23. Rd1 Ne6 24. Nxd7 Nxd7 25. Rxd5 Ndc5 26. Rfd1 Rac8 27. Kf2 Rfe8
28. g3 g6 29. f4 Kg7 30. Ba2 Rc6 31. Rd6 Rec8 32. Kf3 Kf8 33. Nb5 Rxd6 34. Rxd6
Ke7 35. Rb6 Rc6 36. Rxc6 bxc6 37. Nc3 f5 38. Ke3 Kd6 39. h4 Nd7 40. Nb1 Nf6 41.
Nd2 Nd5+ 42. Kf2 Nb6 43. Bb3 Ke7 44. Ke3 Nd5+ 45. Bxd5 cxd5 46. b4 axb4 47. axb4
g5 48. Nf3 gxf4+ 49. gxf4 Kd6 50. Nd4 Ng7 51. Kd3 Kc7 52. Ne2 Ne6 53. Ke3 Kb6
54. Kd3 Kc7 55. Kd2 Kb7 56. Kc3 Kb6 57. Kd3 Kc7 1/2-1/2

[Event "Aimchess Rapid Div 2 L"]
[Site "chess.com INT"]
[Date "2023.07.11"]
[Round "1.2"]
[White "Flores, Diego"]
[Black "Maghsoodloo, Parham"]
[Result "0-1"]
[WhiteTitle "GM"]
[BlackTitle "GM"]
[WhiteElo "2533"]
[BlackElo "2719"]
[WhiteFideId "108049"]
[BlackFideId "12539929"]
[EventDate "2023.07.11"]
[EventType "k.o."]

1. c4 a6 2. d4 b5 3. e4 Bb7 4. d5 e6 5. Nf3 Nf6 6. Bg5 h6 7. Bxf6 Qxf6 8. Nc3
Bb4 9. Qd2 exd5 10. cxd5 O-O 11. Bd3 d6 12. Rc1 Nd7 13. O-O Nc5 14. Bb1 Rfe8 15.
Rfe1 Ba5 16. Nd4 g6 17. Re3 Bb6 18. Rd1 b4 19. Nce2 a5 20. Ng3 Bc8 21. Kh1 Na4
22. Nge2 Ba6 23. f3 Re5 24. Bd3 Bxd3 25. Rxd3 Nc5 26. Re3 Rae8 27. Ng3 Qh4 28.
Re2 Rg5 29. Nf1 Nd7 30. f4 Rh5 31. Nf3 Qg4 32. Rde1 g5 33. e5 gxf4 34. e6 fxe6
35. Rxe6 Rf8 36. Qd3 Nf6 37. N1d2 Qf5 38. Ne4 Ng4 39. h3 Ne3 40. Nh2 Kh8 41. Re7
Nxd5 0-1

[Event "Aimchess Rapid Div 2 L"]
[Site "chess.com INT"]
[Date "2023.07.11"]
[Round "1.2"]
[White "Kevlishvili, Robby"]
[Black "Kovalenko, Igor"]
[Result "0-1"]
[WhiteTitle "GM"]
[BlackTitle "GM"]
[WhiteElo "2529"]
[BlackElo "2674"]
[WhiteFideId "1040634"]
[BlackFideId "14117908"]
[EventDate "2023.07.11"]
[EventType "k.o."]

1. e4 c6 2. Nf3 d5 3. Nc3 Bg4 4. h3 Bxf3 5. Qxf3 e6 6. g3 Nf6 7. Bg2 Nbd7 8. Qe2
dxe4 9. Nxe4 Nxe4 10. Bxe4 Nf6 11. Bg2 Bd6 12. d4 Qc7 13. Be3 h5 14. h4 Ng4 15.
O-O-O O-O-O 16. Bg5 Rd7 17. Bf3 Qa5 18. Kb1 Qf5 19. Rd3 Bc7 20. Rhd1 f6 21. Bd2
Rhd8 22. Be1 Bb6 23. c3 Qg6 24. Be4 f5 25. Bg2 Qf7 26. Bd2 e5 27. f3 Nf6 28.
Qxe5 Nd5 29. Qe1 Re8 30. Qf1 Rde7 31. f4 Nf6 32. Bc1 Ne4 33. Re3 Qg6 34. Qf3 a5
35. Rde1 c5 36. Qd1 cxd4 37. cxd4 Kb8 38. Qa4 Qd6 39. Rd1 Rc8 40. Bxe4 fxe4 41.
a3 Rec7 42. Bd2 Rc4 43. Qb5 Rxd4 44. Rb3 Rc6 45. Qe2 Ka7 46. Ka1 Bc5 47. Rc3 b6
48. Rcc1 Bxa3 49. Rxc6 Qxc6 50. Rc1 Bc5 51. Kb1 Qd5 52. Be3 Rd3 53. Bxc5 bxc5
54. Re1 e3 55. Qc2 Kb6 56. Rc1 Qd4 57. f5 a4 58. Ka2 Rd2 59. Qc3 e2 60. Qa3 Qb4
61. Qxb4+ cxb4 0-1

[Event "Aimchess Rapid Div 2 L"]
[Site "chess.com INT"]
[Date "2023.07.11"]
[Round "1.2"]
[White "Sarana, Alexey"]
[Black "Saric, Ivan"]
[Result "0-1"]
[WhiteTitle "GM"]
[BlackTitle "GM"]
[WhiteElo "2685"]
[BlackElo "2657"]
[WhiteFideId "24133795"]
[BlackFideId "14508150"]
[EventDate "2023.07.11"]
[EventType "k.o."]

1. d4 d5 2. c4 c6 3. Nf3 Nf6 4. e3 Bg4 5. h3 Bh5 6. Nc3 e6 7. g4 Bg6 8. Ne5 Nbd7
9. h4 dxc4 10. Nxg6 hxg6 11. g5 Nd5 12. Bxc4 Bb4 13. Qc2 N7b6 14. Be2 Rc8 15. a3
Nxc3 16. bxc3 Ba5 17. Bd2 c5 18. Qb3 cxd4 19. Qb5+ Nd7 20. cxd4 Bxd2+ 21. Kxd2
O-O 22. Rhc1 Nb6 23. Bf3 e5 24. Rxc8 Qxc8 25. dxe5 a6 26. Qb4 Nc4+ 27. Ke2 Nxe5
28. Bd5 Qc2+ 29. Qd2 Qf5 30. Qd4 Rc8 31. Ra2 Ng4 32. f3 Nh2 33. Rb2 Qh3 34.
Bxf7+ Kh8 35. Bd5 Qf1+ 36. Kd2 Qc1+ 37. Kd3 Qd1+ 38. Ke4 Qxf3+ 39. Ke5 Ng4+ 40.
Kd6 Qf8+ 41. Ke6 Re8+ 42. Kd7 Qe7# 0-1

[Event "Aimchess Rapid Div 2 L"]
[Site "chess.com INT"]
[Date "2023.07.11"]
[Round "1.3"]
[White "Flores, Diego"]
[Black "Maghsoodloo, Parham"]
[Result "0-1"]
[WhiteTitle "GM"]
[BlackTitle "GM"]
[WhiteElo "2533"]
[BlackElo "2719"]
[WhiteFideId "108049"]
[BlackFideId "12539929"]
[EventDate "2023.07.11"]
[EventType "k.o."]

1. c4 a6 2. Nc3 e6 3. d4 d5 4. cxd5 exd5 5. Nf3 Nf6 6. Bg5 c6 7. e3 Be6 8. Bd3
Nbd7 9. O-O Bd6 10. Qc2 Qc7 11. Bh4 Bg4 12. Bg3 Bh5 13. Nh4 Bg6 14. Bf5 O-O 15.
Rac1 Rfe8 16. Na4 Bxg3 17. hxg3 Bxf5 18. Nxf5 g6 19. Nh4 Ne4 20. Nf3 Ndf6 21.
Ne5 h5 22. Nc3 Nxc3 23. bxc3 b5 24. f3 Nd7 25. Nxd7 Qxd7 26. e4 c5 27. e5 cxd4
28. cxd4 Rac8 29. Qd3 Rc4 30. f4 Qf5 31. Qxf5 gxf5 32. Rxc4 dxc4 33. d5 c3 34.
Kf2 b4 35. Ke3 a5 36. Kd3 Rc8 37. Rh1 Kf8 38. d6 Ke8 39. Rxh5 Kd7 40. Kc2 a4 41.
Rh1 Rc4 42. Rb1 Rd4 43. g4 fxg4 44. f5 Rd2+ 45. Kc1 b3 46. axb3 a3 0-1

[Event "Aimchess Rapid Div 2 L"]
[Site "chess.com INT"]
[Date "2023.07.11"]
[Round "1.3"]
[White "Kevlishvili, Robby"]
[Black "Kovalenko, Igor"]
[Result "1-0"]
[WhiteTitle "GM"]
[BlackTitle "GM"]
[WhiteElo "2529"]
[BlackElo "2674"]
[WhiteFideId "1040634"]
[BlackFideId "14117908"]
[EventDate "2023.07.11"]
[EventType "k.o."]

1. e4 e5 2. Nf3 Nc6 3. Bb5 a6 4. Ba4 Nf6 5. O-O Be7 6. Re1 b5 7. Bb3 d6 8. c3
O-O 9. d4 Bg4 10. Be3 Bh5 11. h3 Qc8 12. Nbd2 Kh8 13. Bc2 Bg6 14. Rc1 Qb7 15.
Bb1 Rad8 16. Nh4 Nb8 17. Nxg6+ fxg6 18. Qe2 Nh5 19. g3 c5 20. dxe5 dxe5 21. Nf3
Nc6 22. Rcd1 Qc8 23. Kg2 Rde8 24. Rd5 Nf6 25. Rdd1 Nh5 26. a4 bxa4 27. Bc2 a3
28. bxa3 Rf6 29. Rd5 Qe6 30. Ba4 Ref8 31. Bxc6 Rxf3 32. Bd7 Qb6 33. Bg4 R3f7 34.
Bxh5 gxh5 35. Qxh5 Qb2 36. Re2 Qxc3 37. Qxe5 Qxa3 38. Rc2 h6 39. Rdd2 a5 40. Ra2
Qb4 41. Rdb2 Qc4 42. Rc2 Qb4 43. Qd5 a4 44. Rc4 Qb1 45. Rcxa4 Rf3 46. Ra8 Kh7
47. Rxf8 Rxf8 48. Rd2 1-0

[Event "Aimchess Rapid Div 2 L"]
[Site "chess.com INT"]
[Date "2023.07.12"]
[Round "2.1"]
[White "Martinez Alcantara, Jose Eduardo"]
[Black "Ter-Sahakyan, Samvel"]
[Result "1/2-1/2"]
[WhiteTitle "GM"]
[BlackTitle "GM"]
[WhiteElo "2619"]
[BlackElo "2604"]
[WhiteFideId "3805662"]
[BlackFideId "13302531"]
[EventDate "2023.07.11"]
[EventType "k.o."]

1. e4 c5 2. Nf3 Nc6 3. Bb5 g6 4. O-O Bg7 5. c3 Nf6 6. Re1 O-O 7. h3 e5 8. d3 d6
9. Bg5 h6 10. Bxf6 Bxf6 11. Nbd2 Bg7 12. Rb1 Ne7 13. Bc4 a6 14. b4 b5 15. Bb3
Bb7 16. Nf1 d5 17. bxc5 dxe4 18. dxe4 Rc8 19. c4 Rxc5 20. cxb5 axb5 21. Qe2 Qc7
22. h4 h5 23. Rbd1 Bh6 24. Rd3 b4 25. Rdd1 Kg7 26. Ba4 Qa5 27. Bb3 Qc7 28. Qd3
Bc8 29. Ne3 Bg4 30. Nxg4 hxg4 31. Nh2 Rc3 32. Qd7 g3 33. fxg3 Qc5+ 34. Kh1 Rxg3
35. Rf1 Bf4 36. Rd3 Rxd3 37. Qxd3 Qc3 38. Qf3 Nc6 39. Qxc3 bxc3 40. Rf3 Bd2 41.
Nf1 Nd4 42. Nxd2 cxd2 43. Rd3 Nxb3 44. axb3 Rb8 45. Rxd2 Rxb3 46. Re2 Kh6 47.
Rf2 Kh5 48. Rxf7 Kxh4 49. Rf6 g5 50. Kh2 Re3 51. Ra6 Rxe4 52. Kg1 Kg4 53. Kf2
Rf4+ 54. Kg1 e4 55. Ra3 Rf8 56. Ra4 Kf4 57. Kf2 Rb8 58. g3+ Kf5 59. Rc4 Rb2+ 60.
Ke3 Rb3+ 61. Kf2 Rf3+ 62. Kg2 Ra3 63. Kf2 Ra2+ 64. Kf1 Kg4 65. Rxe4+ Kxg3 66.
Re3+ Kh2 67. Re4 Kh3 68. Re3+ Kh2 69. Re4 Ra8 70. Re2+ Kh3 71. Re3+ Kh2 72. Re2+
Kg3 73. Re3+ Kf4 74. Rb3 Ra2 75. Kg1 g4 76. Rb8 Re2 77. Rb3 Kg5 78. Rc3 Rd2 79.
Rb3 Kh4 80. Rc3 g3 81. Rc8 Kg4 82. Rg8+ Kh4 83. Rh8+ Kg4 84. Rg8+ Kh4 85. Rh8+
Kg4 86. Rg8+ 1/2-1/2

[Event "Aimchess Rapid Div 2 L"]
[Site "chess.com INT"]
[Date "2023.07.12"]
[Round "2.1"]
[White "Paravyan, David"]
[Black "Saric, Ivan"]
[Result "1/2-1/2"]
[WhiteTitle "GM"]
[BlackTitle "GM"]
[WhiteElo "2612"]
[BlackElo "2657"]
[WhiteFideId "4194985"]
[BlackFideId "14508150"]
[EventDate "2023.07.11"]
[EventType "k.o."]

1. e4 c5 2. Nf3 d6 3. d4 cxd4 4. Nxd4 Nf6 5. Nc3 Nc6 6. Bg5 Bd7 7. Qd2 Rc8 8.
Nxc6 Bxc6 9. Bxf6 gxf6 10. Bc4 Bxe4 11. Bxf7+ Kxf7 12. Nxe4 d5 13. Ng3 h5 14.
O-O-O h4 15. Ne2 e6 16. Kb1 Qb6 17. f4 f5 18. c3 Bg7 19. Rhf1 Rc4 20. Rf3 Rhc8
21. Rd3 Qf2 22. Nd4 Bxd4 23. Rxd4 Qxd2 24. R1xd2 Kf6 25. Kc2 b5 26. Rxc4 bxc4
27. b4 cxb3+ 28. axb3 a5 29. g3 hxg3 30. hxg3 Rg8 31. Rd3 Rh8 32. Kb2 Rh2+ 33.
Ka3 Ke7 34. c4 Kd6 35. cxd5 exd5 36. b4 axb4+ 37. Kxb4 Rc2 38. Ra3 d4 39. Ra5
Rc1 40. Re5 Kc6 41. Re6+ Kd5 42. Re5+ Kd6 43. Kb3 Rc5 44. Re8 Kd7 45. Re1 Kc6
46. Re8 Rc3+ 47. Kb4 Rxg3 48. Kc4 d3 49. Kc3 Rf3 50. Re5 Rxf4 51. Kxd3 Kd6 52.
Ra5 Ke6 53. Ke3 Re4+ 54. Kf3 Kf6 55. Ra8 Rb4 56. Rc8 Kg5 57. Rg8+ Kf6 58. Rf8+
Kg5 59. Rg8+ Kf6 60. Rf8+ Kg5 61. Rg8+ 1/2-1/2

[Event "Aimchess Rapid Div 2 L"]
[Site "chess.com INT"]
[Date "2023.07.12"]
[Round "2.1"]
[White "Xiong, Jeffery"]
[Black "Kevlishvili, Robby"]
[Result "1-0"]
[WhiteTitle "GM"]
[BlackTitle "GM"]
[WhiteElo "2693"]
[BlackElo "2529"]
[WhiteFideId "2047640"]
[BlackFideId "1040634"]
[EventDate "2023.07.11"]
[EventType "k.o."]

1. c4 e5 2. Nc3 Nf6 3. g3 Bb4 4. Bg2 Bxc3 5. bxc3 O-O 6. e4 d6 7. Ne2 Be6 8. d3
Qc8 9. h3 Nc6 10. f4 a6 11. a4 Kh8 12. f5 Bd7 13. g4 Ng8 14. O-O Na5 15. Be3 c5
16. g5 b5 17. axb5 axb5 18. cxb5 Bxb5 19. c4 Bd7 20. Kh2 Nc6 21. f6 Rxa1 22.
Qxa1 Nd4 23. Nxd4 cxd4 24. Bd2 Re8 25. Qe1 Re6 26. Qh4 Qe8 27. Rf2 Ba4 28. g6
fxg6 29. f7 Qf8 30. fxg8=Q+ Qxg8 31. Bg5 Re8 32. Bf3 Rf8 33. Bg4 Rxf2+ 34. Qxf2
Qe8 35. Bc1 h5 36. Be2 Qb8 37. Ba3 Kh7 38. Bf1 Bd1 39. Qd2 Bf3 40. Kg3 Qb3 41.
Bxd6 Bxe4 42. Bxe5 Qb1 43. Kf2 Bf5 44. Bxd4 Qb8 45. Bg2 Qd8 46. Qe3 Qf8 47. Kg1
Qa3 48. Qe5 Qf8 49. Be4 Bxe4 50. dxe4 Qf7 51. c5 Qb7 52. Qxg7+ 1-0

[Event "Aimchess Rapid Div 2 L"]
[Site "chess.com INT"]
[Date "2023.07.12"]
[Round "2.2"]
[White "Kevlishvili, Robby"]
[Black "Xiong, Jeffery"]
[Result "1/2-1/2"]
[WhiteTitle "GM"]
[BlackTitle "GM"]
[WhiteElo "2529"]
[BlackElo "2693"]
[WhiteFideId "1040634"]
[BlackFideId "2047640"]
[EventDate "2023.07.11"]
[EventType "k.o."]

1. e4 e6 2. d4 d5 3. Nd2 c5 4. Ngf3 cxd4 5. exd5 Qxd5 6. Bc4 Qd7 7. O-O Nc6 8.
Nb3 Nf6 9. Qe2 a6 10. a4 Qc7 11. Rd1 Bd7 12. Nbxd4 Nxd4 13. Rxd4 Bc5 14. Bf4 Qc8
15. Rdd1 O-O 16. Ne5 Bc6 17. Bd3 Be7 18. Bg5 h6 19. Bh4 Qc7 20. Bg3 Bd6 21. c4
Rfd8 22. c5 Bxc5 23. Rdc1 Qb6 24. a5 Qa7 25. Nxc6 bxc6 26. Ra4 Bd6 27. Bh4 g5
28. Bg3 Bxg3 29. hxg3 Rd6 30. Qe5 Qe7 31. Bf1 Rd5 32. Qe3 Qb7 33. Qb6 Rb8 34.
Rxc6 Qa8 35. Qxa6 Qxa6 36. Rxa6 Rd1 37. Rb6 Rc8 38. a6 Rcc1 39. g4 Rxf1+ 40. Kh2
Ra1 41. b3 Kg7 42. a7 Ne4 43. Rxe4 Rxa7 44. Re2 Rb1 45. Re3 Kg6 46. Kg3 h5 47.
gxh5+ Kxh5 48. Rb8 Kg6 49. Rc8 Rb7 50. Rcc3 Rb4 51. Red3 Rb2 52. Rf3 f5 53. Kh2
f4 54. g3 e5 55. gxf4 gxf4 56. Kh3 Kf5 57. Kg2 e4 58. Rc5+ Kg4 59. Rfc3 f3+ 60.
Kg1 R2xb3 61. Rxb3 Rxb3 62. Rc8 Rb1+ 63. Kh2 Rf1 64. Rg8+ Kf4 65. Rf8+ Ke5 66.
Re8+ Kd4 67. Rd8+ Ke5 68. Re8+ Kf4 69. Rf8+ Ke5 70. Re8+ 1/2-1/2

[Event "Aimchess Rapid Div 2 L"]
[Site "chess.com INT"]
[Date "2023.07.12"]
[Round "2.2"]
[White "Saric, Ivan"]
[Black "Paravyan, David"]
[Result "0-1"]
[WhiteTitle "GM"]
[BlackTitle "GM"]
[WhiteElo "2657"]
[BlackElo "2612"]
[WhiteFideId "14508150"]
[BlackFideId "4194985"]
[EventDate "2023.07.11"]
[EventType "k.o."]

1. e4 e5 2. Nf3 Nf6 3. Nxe5 d6 4. Nf3 Nxe4 5. Nc3 Nxc3 6. dxc3 Be7 7. Be3 O-O 8.
Qd2 Nd7 9. O-O-O Nf6 10. Bd3 Re8 11. Rhe1 Bg4 12. Bg5 Nh5 13. Bxe7 Rxe7 14. Rxe7
Qxe7 15. Re1 Qf6 16. Nd4 Nf4 17. f3 Nxd3+ 18. Qxd3 Bd7 19. g3 c5 20. Nb3 Bc6 21.
f4 b6 22. Nd2 h6 23. Nc4 Rd8 24. Qd2 b5 25. Na5 d5 26. Nxc6 Qxc6 27. Qe2 a5 28.
Qe7 Rc8 29. Qe2 a4 30. a3 b4 31. cxb4 cxb4 32. axb4 a3 33. Kb1 axb2 34. Kxb2
Qc3+ 35. Kc1 Ra8 36. Qe8+ Rxe8 37. Rxe8+ Kh7 38. Rb8 d4 0-1

[Event "Aimchess Rapid Div 2 L"]
[Site "chess.com INT"]
[Date "2023.07.12"]
[Round "2.2"]
[White "Ter-Sahakyan, Samvel"]
[Black "Martinez Alcantara, Jose Eduardo"]
[Result "0-1"]
[WhiteTitle "GM"]
[BlackTitle "GM"]
[WhiteElo "2604"]
[BlackElo "2619"]
[WhiteFideId "13302531"]
[BlackFideId "3805662"]
[EventDate "2023.07.11"]
[EventType "k.o."]

1. d4 d5 2. c4 dxc4 3. Nf3 Nf6 4. e3 e6 5. Bxc4 a6 6. O-O c5 7. dxc5 Bxc5 8.
Qxd8+ Kxd8 9. Be2 Ke7 10. Nfd2 Nc6 11. Nc3 Bd7 12. Nce4 Nxe4 13. Nxe4 Bb6 14. b3
a5 15. Bb2 f6 16. Rac1 Nb4 17. a3 Nd5 18. Nc5 Bc6 19. Bg4 h5 20. Bh3 Bxc5 21.
Rxc5 Rhd8 22. g3 Kf7 23. Rfc1 Ne7 24. Bf1 h4 25. g4 Rd7 26. h3 Rad8 27. Rxa5 Rd2
28. Bd4 e5 29. Bb6 R8d7 30. Rac5 Ra2 31. R5c2 Rxc2 32. Rxc2 Rd1 33. f4 Bb5 34.
Rf2 Nd5 35. Ba7 b6 36. a4 Ba6 37. fxe5 Nxe3 38. exf6 g5 39. Bxb6 Nxf1 40. Ra2
Ne3+ 41. Kf2 Nd5 42. Bd8 Rf1+ 43. Kg2 Nf4+ 44. Kh2 Bb7 0-1

[Event "Aimchess Rapid Div 2 L"]
[Site "chess.com INT"]
[Date "2023.07.12"]
[Round "3.1"]
[White "Paravyan, David"]
[Black "Martinez Alcantara, Jose Eduardo"]
[Result "0-1"]
[WhiteTitle "GM"]
[BlackTitle "GM"]
[WhiteElo "2612"]
[BlackElo "2619"]
[WhiteFideId "4194985"]
[BlackFideId "3805662"]
[EventDate "2023.07.11"]
[EventType "k.o."]

1. e4 c5 2. Nf3 d6 3. d4 cxd4 4. Nxd4 Nf6 5. Nc3 Nc6 6. Bg5 e6 7. Qd2 a6 8. Nxc6
bxc6 9. O-O-O Be7 10. Bxf6 gxf6 11. Bc4 Bb7 12. Rhe1 Qa5 13. Kb1 h5 14. f4 O-O-O
15. Nd5 Qxd2 16. Nxe7+ Kd7 17. Rxd2 Kxe7 18. Re3 c5 19. Be2 d5 20. Rb3 Ba8 21.
exd5 Bxd5 22. Rbd3 c4 23. Rd4 Rc8 24. c3 Rc7 25. Bf3 Bxf3 26. gxf3 Rg8 27. Kc2
f5 28. b3 cxb3+ 29. axb3 h4 30. Rd6 a5 31. Ra6 Rg1 32. Rxa5 Rf1 33. b4 Rxf3 34.
Rc5 Rxc5 35. bxc5 Rxf4 36. Kb3 Rg4 37. c6 Rg8 38. Kc4 e5 39. Kc5 f4 40. c7 e4
41. Rd4 f5 42. Kc6 Rc8 43. Kb7 Rxc7+ 44. Kxc7 f3 45. Kc6 f2 0-1

[Event "Aimchess Rapid Div 2 L"]
[Site "chess.com INT"]
[Date "2023.07.12"]
[Round "3.1"]
[White "Xiong, Jeffery"]
[Black "Hakobyan, Aram"]
[Result "1/2-1/2"]
[WhiteTitle "GM"]
[BlackTitle "GM"]
[WhiteElo "2693"]
[BlackElo "2613"]
[WhiteFideId "2047640"]
[BlackFideId "13306677"]
[EventDate "2023.07.11"]
[EventType "k.o."]

1. e4 e5 2. Nf3 Nc6 3. Bc4 Bc5 4. c3 Nf6 5. d4 exd4 6. e5 d5 7. Be2 Ne4 8. cxd4
Bb4+ 9. Bd2 Nxd2 10. Nbxd2 O-O 11. O-O Ne7 12. a3 Ba5 13. b4 Bb6 14. Nb3 Ng6 15.
Re1 c6 16. b5 f6 17. bxc6 bxc6 18. Rc1 fxe5 19. dxe5 Qe8 20. Bd3 Nf4 21. Bb1 Bg4
22. Qc2 Qh5 23. Nfd4 Kh8 24. Nc5 Nxg2 25. Kxg2 Bxc5 26. Qxc5 Rf4 27. Re3 Raf8
28. Rf1 Qh4 29. Rg3 Bh3+ 30. Kg1 Bxf1 31. Nf5 R4xf5 32. Bxf5 Rxf5 33. Qxa7 g6
34. Kxf1 Qc4+ 35. Kg1 Qc1+ 36. Kg2 Qc2 37. Qe3 Qe4+ 38. Qxe4 dxe4 39. Rc3 Rxe5
40. Rxc6 e3 41. fxe3 Rxe3 1/2-1/2

[Event "Aimchess Rapid Div 2 L"]
[Site "chess.com INT"]
[Date "2023.07.12"]
[Round "3.2"]
[White "Martinez Alcantara, Jose Eduardo"]
[Black "Paravyan, David"]
[Result "1/2-1/2"]
[WhiteTitle "GM"]
[BlackTitle "GM"]
[WhiteElo "2619"]
[BlackElo "2612"]
[WhiteFideId "3805662"]
[BlackFideId "4194985"]
[EventDate "2023.07.11"]
[EventType "k.o."]

1. e4 c5 2. Nf3 Nc6 3. Bb5 g6 4. O-O Bg7 5. c3 Nf6 6. Qe2 a6 7. Bxc6 dxc6 8. h3
O-O 9. d4 cxd4 10. cxd4 c5 11. dxc5 Qc7 12. Nc3 Qxc5 13. Be3 Qa5 14. Rfd1 Be6
15. Nd4 Bd7 16. Nb3 Qc7 17. Rac1 Rad8 18. Nd5 Qe5 19. Bf4 Bb5 20. Bxe5 Bxe2 21.
Nxe7+ Kh8 22. Rxd8 Rxd8 23. f3 h5 24. Rc8 Rxc8 25. Nxc8 Kg8 26. Nd6 Nxe4 27.
Bxg7 Nxd6 28. Bf6 Bc4 29. Nc1 Ne8 30. Bd4 f6 31. Kf2 Kf7 32. b3 Bb5 33. a4 Bc6
34. Nd3 Bd5 35. b4 Bc6 36. a5 h4 37. Nc5 Nc7 38. Bc3 g5 39. Bd2 Nd5 40. g3 Ne7
41. f4 hxg3+ 42. Kxg3 gxf4+ 43. Kxf4 Kg6 44. Kg4 Nd5 45. h4 f5+ 46. Kg3 f4+ 47.
Bxf4 Nxb4 48. Kg4 Bd5 49. Bg5 Nc6 50. h5+ Kf7 51. Nxb7 Ne5+ 52. Kf5 Bxb7 53.
Kxe5 Bc6 54. Bd2 Bb5 55. h6 Kg6 56. Be3 Kh7 57. Bd2 Ba4 58. Be3 Bb5 59. Bd2 Ba4
60. Be3 Bb5 1/2-1/2

[Event "Aimchess Rapid Div 2 L"]
[Site "chess.com INT"]
[Date "2023.07.12"]
[Round "3.3"]
[White "Hakobyan, Aram"]
[Black "Xiong, Jeffery"]
[Result "1-0"]
[WhiteTitle "GM"]
[BlackTitle "GM"]
[WhiteElo "2613"]
[BlackElo "2693"]
[WhiteFideId "13306677"]
[BlackFideId "2047640"]
[EventDate "2023.07.11"]
[EventType "k.o."]

1. e4 e5 2. Nf3 Nf6 3. Nc3 Nc6 4. Nd5 d6 5. d4 exd4 6. Nxd4 Be7 7. Nb5 Nxd5 8.
exd5 Ne5 9. Be2 O-O 10. O-O c6 11. Nc3 Re8 12. a4 Bd7 13. a5 c5 14. f4 Ng6 15.
Ne4 Bf8 16. Ng5 b5 17. axb6 axb6 18. Rxa8 Qxa8 19. Bd3 Be7 20. f5 Nf8 21. Ne4
Qxd5 22. f6 Bd8 23. Nxd6 Bc6 24. Bxh7+ Nxh7 25. Qxd5 Bxd5 26. Nxe8 Nxf6 27. Rd1
Nxe8 28. Rxd5 Bc7 29. Rd7 Kf8 30. c3 Be5 31. Rb7 Bc7 32. g3 f6 33. Bf4 Bd8 34.
h4 g5 35. hxg5 fxg5 36. Be5 1-0